| 000 | 00680nam a2200193 i 4500 | ||
|---|---|---|---|
| 001 | 141305 | ||
| 003 | ES-MaACL | ||
| 005 | 20230906200251.0 | ||
| 007 | t| | ||
| 008 | 070920s1906 sp ||||1| spa d | ||
| 080 | _a521.81 | ||
| 100 | 1 |
_aVives y Vich, Pedro. _9115599 |
|
| 245 | 1 | 0 |
_aAvance de los resultados obtenidos en las observaciones del eclipse total de sol de 30 de agosto de 1905 / _cpor ... Pedro Vives y Vich. |
| 260 |
_aMadrid : _b[s.n.], _c1906 ( _fImp. del Memorial de Ingenieros) |
||
| 300 |
_a43 p. ; _c27 cm. |
||
| 594 | _aPrecede al tít.: Parque Aerostático de Ingenieros. | ||
| 650 | 0 | 4 |
_aEclipses solares- _yS.XX. _911993 |
| 852 |
_aES-MaACL _jT-1088-F-1 |
||
| 999 |
_c141305 _d141305 |
||